Tres ensayos ajenos /
Enregistré dans:
| Auteur principal: | |
|---|---|
| Format: | Inconnue |
| Langue: | Spanish |
| Publié: |
La Habana, Cuba :
Letras Cubanas,
1994.
|
| Collection: | (Ensayos. Pinos nuevos)
|
| Sujets: | |
| Tags: |
Ajouter un tag
Pas de tags, Soyez le premier à ajouter un tag!
|
MARC
| LEADER | 000000000a22000000004500 | ||
|---|---|---|---|
| 001 | 004046 | ||
| 020 | |a 9591001339 | ||
| 041 | 0 | |a spa | |
| 082 | 0 | 4 | |a A863.4 |b C246t |
| 100 | 1 | |a Capote, Zaida, |d 1967- | |
| 245 | 1 | 0 | |a Tres ensayos ajenos / |c Zaida Capote. |
| 260 | 1 | |a La Habana, Cuba : |b Letras Cubanas, |c 1994. | |
| 300 | |a 71 páginas | ||
| 490 | 1 | |a (Ensayos. Pinos nuevos) | |
| 505 | |a Contenido: El arpa, el teatro, la sombra -- La literatura en la literatura de Mario Vargas Llosa -- Imágenes de mujer: un siglo en la cultura cubana | ||
| 650 | 4 | |a VARGAS LLOSA, MARIO, 1936- | |
| 650 | 4 | |a CRITICA E INTERPRETACION | |
| 650 | 4 | |a CARPENTIER, ALEJO, 1904-1980 | |
| 650 | 4 | |a LITERATURA CUBANA | |
| 650 | 4 | |a HISTORIA Y CRITICA | |
| 650 | 4 | |a MUJERES EN LA LITERATURA | |
| 999 | |c 10362 |d 10362 | ||
| 942 | |c BK |h A863.4 C246t |2 z | ||



